| 000 | 01525cam a2200313 a 4500 | ||
|---|---|---|---|
| 001 | 17432976 | ||
| 003 | LC | ||
| 005 | 20170227144747.0 | ||
| 008 | 120816s2012 vau b 001 0 eng | ||
| 010 | _a 2012028749 | ||
| 020 | _a9781416614722 (pbk. : alk. paper) | ||
| 040 |
_aDLC _cDLC _dDLC |
||
| 042 | _apcc | ||
| 043 | _an-us--- | ||
| 050 | 0 | 0 | _aLB 3047 .L46 2012 |
| 082 | 0 | 0 | _a371.3/2 |
| 100 | 1 | _aLent, ReLeah Cossett. | |
| 245 | 1 | 0 |
_aOvercoming textbook fatigue : _b21st century tools to revitalize teaching and learning / _cReLeah Cossett Lent ; foreword by Jay McTighe. |
| 260 |
_aAlexandria, Va. : _bASCD, _cc2012. |
||
| 300 |
_axi, 202 p. ; _c23 cm. |
||
| 504 | _aIncludes bibliographical references (p. 188-195) and index. | ||
| 505 | 0 | _aLearning: it's all about engagement -- Background knowledge: the glue that makes learning stick -- Vocabulary is the content -- Reading to learn -- Writing to learn -- Assessing for learning -- Give it up for text sets -- Going from textbook fatigue to invigorated learning: what it looks like -- Appendix A: book study essentials -- Appendix B: lesson study essentials -- Appendix C: action research essentials -- Appendix D: co-teaching essentials. | |
| 650 | 0 |
_aTextbooks _zUnited States. |
|
| 650 | 0 |
_aActive learning _zUnited States. |
|
| 650 | 0 |
_aMotivation in education _zUnited States. |
|
| 906 |
_a7 _bcbc _corignew _d1 _eecip _f20 _gy-gencatlg |
||
| 942 |
_2lcc _cBK |
||
| 999 |
_c305130 _d305130 |
||